[Event "St Petersburg op"]
[Site "St Petersburg"]
[Date "1995.??.??"]
[Round "1"]
[White "Lukin, Andrei M"]
[Black "Serper, Grigory"]
[Result "1/2-1/2"]
[WhiteElo "2420"]
[BlackElo "2585"]

1.e4 c5 2.Nf3 d6 3.d4 cxd4 4.Nxd4 Nf6 5.Nc3 Nc6 6.Bc4 e6 7.Be3 a6 8.Bb3 Qc7
9.O-O b5 10.f4 Bb7 11.f5 Nxd4 12.Qxd4 e5 13.Qd3 Be7 14.Bg5 Rc8 15.Bxf6 Bxf6
16.Rad1 O-O 17.Kh1 Bc6 18.Qxd6 Qxd6 19.Rxd6 Rfd8 20.Rxd8+ Rxd8 21.Nd5 Kf8
22.c3 Bg5 23.g3 Rd6 24.Kg2 h5 25.Kf3 g6 26.h4 Bh6 27.Kg2 Kg7 28.Rf2 Rd7 29.c4 b4
30.fxg6 fxg6 31.c5 a5 32.Re2 Bb5 33.Re1 Rd8 34.Bd1 Rc8 35.Be2 Bxe2 36.Rxe2 Rxc5
37.b3  1/2-1/2

[Event "New York CITS"]
[Site "New York"]
[Date "1996.??.??"]
[Round "5"]
[White "Serper, Grigory"]
[Black "Kortschnoj, Viktor"]
[Result "0-1"]
[WhiteElo "2540"]
[BlackElo "2645"]

1.c4 Nf6 2.Nc3 e5 3.Nf3 Nc6 4.g3 Bb4 5.Bg2 O-O 6.O-O Re8 7.Nd5 Bc5 8.d3 Nxd5
9.cxd5 Nd4 10.Nd2 d6 11.e3 Nf5 12.Nc4 a5 13.Bd2 a4 14.b4 Bb6 15.Na5 Qd7 16.Qc2 h5
17.Rac1 h4 18.Qc4 Qe7 19.Qc2 hxg3 20.hxg3 g6 21.Qxa4 Kg7 22.Qc2 Rh8 23.Nc4 Qg5
24.Nxb6 Qh5 25.Rfe1 Qh2+ 26.Kf1 Nxg3+ 27.fxg3 Bh3 28.Bxh3 Qxh3+ 29.Kf2 Qf5+  0-1

[Event "Chicago op"]
[Site "Chicago"]
[Date "1997.??.??"]
[Round "3"]
[White "Reprintsev, Alexander"]
[Black "Serper, Grigory"]
[Result "1-0"]
[WhiteElo "2425"]
[BlackElo "2550"]

1.e4 c5 2.b3 Nc6 3.Bb2 e5 4.f4 exf4 5.Qf3 Nf6 6.Qxf4 Be7 7.e5 Nd5 8.Qe4 Nc7
9.Na3 O-O 10.Bd3 g6 11.Ne2 d5 12.exd6 Qxd6 13.O-O f5 14.Qe3 Bf6 15.Bxf6 Rxf6
16.Nc4 Qe7 17.Qg3 Nd5 18.Rae1 Be6 19.Ne5 Nxe5 20.Qxe5 Qc7 21.Nf4 Qxe5 22.Rxe5 Nxf4
23.Rxf4 b6 24.g4 Bf7 25.gxf5 Re8 26.Rxe8+ Bxe8 27.Re4 Kf8 28.Re5 g5 29.Kg2 Bd7
30.Kg3 Rd6 31.Kg4 h6 32.h4 Rd4+ 33.Re4 Rd5 34.Re2 Rd4+ 35.Be4 gxh4 36.c3 Rd6
37.Kxh4 Kf7 38.Rg2 Rf6 39.Rf2 Rd6 40.Kg4 Kf6 41.Kf4 Be8 42.d3 Bf7 43.b4 Rd8
44.bxc5 bxc5 45.Rb2 Rg8 46.Rb7 Rg1 47.Rxa7 Rf1+ 48.Ke3 Re1+ 49.Kd2 Ra1 50.a4 h5
51.Ke3 Re1+ 52.Kf2 Ra1 53.a5 h4 54.Kg2 c4 55.d4 Bh5 56.a6 Kg5 57.Rg7+ Kf4
58.Bb7 Bg4 59.Rxg4+ Kxg4 60.f6 Ra2+ 61.Kf1 Kg3 62.Ke1  1-0

[Event "Chicago op"]
[Site "Chicago"]
[Date "1997.??.??"]
[Round "7"]
[White "Hernandez, Gilberto"]
[Black "Serper, Grigory"]
[Result "1/2-1/2"]
[WhiteElo "2540"]
[BlackElo "2550"]

1.e4 c5 2.Nf3 d6 3.d4 cxd4 4.Nxd4 Nf6 5.Nc3 Nc6 6.g3 g6 7.Nde2 Bg7 8.Bg2 O-O
9.O-O Rb8 10.a4 a6 11.Nd5 b5 12.axb5 axb5 13.Bg5 Nd7 14.Qc1 Re8 15.h3 Bb7
16.Rd1 Qc8 17.Bh6 Bh8 18.Be3 Ba8 19.c3 Bg7 20.Bh6 Bh8 21.Be3 Bg7 22.Bh6 Bh8
23.Be3 Bg7 24.Bh6 Bh8 25.Ra3 Nb6 26.Ra2 Nxd5 27.exd5 Ne5 28.b3 Nd7 29.Be3 Nf6
30.Qd2 Bb7 31.Qd3 Ra8 32.Rda1 Qd7 33.g4 Rxa2 34.Rxa2 Ra8 35.Rxa8+ Bxa8 36.g5 Ne8
37.Nd4 Nc7 38.Nc6 e6 39.c4 bxc4 40.bxc4 exd5 41.cxd5 Bb7 42.Qb3 Ne8 43.Bf4 Bg7
44.Qb6 Bf8 45.Na5 Bc8 46.Qc6 Qd8 47.Nc4  1/2-1/2

[Event "US-op"]
[Site "Las Vegas"]
[Date "1997.??.??"]
[Round "1"]
[White "Serper, Grigory"]
[Black "Andrews, Todd D"]
[Result "1-0"]
[WhiteElo "2655"]
[BlackElo "2135"]

1.c4 Nf6 2.Nc3 d6 3.d4 c5 4.dxc5 dxc5 5.Qxd8+ Kxd8 6.Nf3 Nc6 7.Ng5 Rg8 8.Bf4 Be6
9.O-O-O+ Kc8 10.g3 Nd4 11.e3 Nf5 12.Bh3 g6 13.Nxe6 fxe6 14.e4 Nd4 15.Nb5  1-0

[Event "US-op"]
[Site "Las Vegas"]
[Date "1997.??.??"]
[Round "3"]
[White "Serper, Grigory"]
[Black "Donaldson, John W"]
[Result "1-0"]
[WhiteElo "2655"]
[BlackElo "2515"]

1.c4 c5 2.Nf3 g6 3.d4 cxd4 4.Nxd4 Nc6 5.e4 Nf6 6.Nc3 d6 7.Be2 Nxd4 8.Qxd4 Bg7
9.Bg5 O-O 10.Qd2 Be6 11.Rc1 a6 12.b3 b5 13.cxb5 axb5 14.Bxb5 Qa5 15.Bc6 Ra6
16.Na4 Rc8 17.Qxa5 Rxa5 18.Bd2 Ra6 19.Bb5 Rxc1+ 20.Bxc1 Ra5 21.Bd3 Nd7 22.Bd2 Ra8
23.Bb1 Nc5 24.Nb6 Ra7 25.Ke2 f5 26.exf5 Bxf5 27.b4 Bxb1 28.Rxb1 Ne4 29.a4 Bd4
30.a5 Nxd2 31.Kxd2 Bxf2 32.Nc4 d5 33.Ne5 Ra6 34.Rc1 Re6 35.Rc8+ Kg7 36.Nc6 Re4
37.b5  1-0

[Event "World op"]
[Site "Philadelphia"]
[Date "1997.??.??"]
[Round "4"]
[White "Khan, Anna"]
[Black "Serper, Grigory"]
[Result "0-1"]
[WhiteElo "2260"]
[BlackElo "2540"]

1.d4 Nf6 2.c4 e6 3.Nc3 Bb4 4.e3 c5 5.Bd3 Nc6 6.Nf3 Bxc3+ 7.bxc3 d6 8.e4 e5
9.h3 h6 10.Be3 Qe7 11.d5 Nb8 12.Nd2 Nbd7 13.Nf1 Nf8 14.Bd2 Kd8 15.Ne3 Kc7
16.Qb3 h5 17.h4 Ng4 18.Nxg4 hxg4 19.Bg5 f6 20.Be3 g5 21.h5 Qf7 22.Kd2 Rxh5
23.Rxh5 Qxh5 24.g3 Qh7 25.Rb1 Nd7 26.a4 a5 27.Qb5 Ra6 28.Bc2 Kd8 29.Bd3 Nb6
30.Bxc5 dxc5 31.Qxc5 Nd7 32.Qe3 b6 33.c5 bxc5 34.Bxa6 Bxa6 35.Qe1 Kc7 36.Kc1 Bd3
37.c4 Bxb1 38.Qxa5+ Kd6 39.Qa6+ Ke7 40.Kxb1 Qxe4+ 41.Kb2 Qe2+ 42.Kb1 Qe1+
43.Kc2 Qxf2+ 44.Kc1 Qf5 45.Qc6  0-1

[Event "World op"]
[Site "Philadelphia"]
[Date "1997.??.??"]
[Round "7"]
[White "Serper, Grigory"]
[Black "Schroer, Jonathan"]
[Result "1-0"]
[WhiteElo "2540"]
[BlackElo "2345"]

1.c4 Nf6 2.Nc3 g6 3.e4 d6 4.d4 Bg7 5.Nge2 O-O 6.Ng3 a6 7.Be2 c6 8.O-O b5
9.cxb5 axb5 10.b4 Nbd7 11.a4 e5 12.d5 cxd5 13.Nxb5 Nxe4 14.Nxe4 dxe4 15.Nxd6 Nf6
16.Be3 h5 17.Nxc8 Qxc8 18.Qb3 Ng4 19.Bc5 Rd8 20.Bc4 Qf5 21.h3 Nh6 22.a5 Qg5
23.Bd5 Nf5 24.Bxe4 Rac8 25.a6 Nd4 26.Bxd4 exd4 27.a7 Rc3 28.Qd1 Rxh3 29.a8=Q Rxa8
30.Rxa8+ Kh7 31.g3 h4 32.Bg2 Rxg3 33.fxg3 hxg3 34.Rxf7 Qe3+ 35.Kf1 d3 36.Rf3 Qg5
37.Rxd3 Qf4+ 38.Bf3  1-0

[Event "New York op"]
[Site "New York"]
[Date "1998.03.17"]
[Round "4"]
[White "Serper, Grigory"]
[Black "Vaisser, Anatoli"]
[Result "1/2-1/2"]
[WhiteElo "2540"]
[BlackElo "2595"]

1.c4 e6 2.g3 d5 3.Nf3 Nf6 4.Bg2 Be7 5.O-O O-O 6.b3 c6 7.Bb2 b5 8.d3 Bb7 9.Nbd2 a5
10.e4 Qb6 11.Qe2 a4  1/2-1/2

[Event "New York op"]
[Site "New York"]
[Date "1998.03.18"]
[Round "5"]
[White "Aleksandrov, Aleksej"]
[Black "Serper, Grigory"]
[Result "1-0"]
[WhiteElo "2615"]
[BlackElo "2540"]

1.d4 Nf6 2.c4 e6 3.Nc3 Bb4 4.e3 c5 5.Ne2 b6 6.a3 Ba5 7.Rb1 Na6 8.f3 O-O 9.d5 Re8
10.Kf2 exd5 11.cxd5 d6 12.Ng3 Bxc3 13.bxc3 Nc7 14.c4 b5 15.e4 bxc4 16.Bxc4 Nd7
17.Be2 Ne5 18.h4 Ba6 19.Bxa6 Nxa6 20.Qa4 Qc8 21.Nf5 c4 22.Be3 Nc5 23.Qa5 Ncd3+
24.Kg3 Qd7 25.Qa6 Rad8 26.Rb7 Qc8 27.Qxa7 Qa8 28.Rhb1 c3 29.Rc7 Qxa7 30.Bxa7 g6
31.Ne3 Rc8 32.Rbb7 Nc1 33.f4 Rxc7 34.Rxc7 Ned3 35.Bd4 f5 36.exf5 Re4 37.Ng4 Rxd4
38.Nh6+ Kf8 39.f6 Re4 40.Rxh7 Ke8 41.f7+ Ke7 42.f5 gxf5 43.Nxf5+ Kf8 44.Rh8+ Kxf7
45.Nxd6+ Kg7 46.Nxe4 Kxh8 47.Nxc3 Ne5 48.Kf4 Nc4 49.g4 Nxa3 50.d6 Nd3+ 51.Ke4 Nb4
52.d7 Nc6 53.Kd5 Nd8 54.g5 Nc2 55.h5 Ne3+ 56.Kd4 Nf5+ 57.Ke5 Ng3 58.h6 Kh7
59.Ne4 Nxe4  1-0

[Event "National Congress 29th"]
[Site "Philadelphia"]
[Date "1998.11.27"]
[Round "2"]
[White "Serper, Grigory"]
[Black "Bouzoukis, Charles"]
[Result "1/2-1/2"]
[WhiteElo "2535"]
[BlackElo "2320"]

1.c4 f5 2.Nf3 Nf6 3.g3 g6 4.Bg2 Bg7 5.d4 d6 6.b3 O-O 7.Bb2 c6 8.O-O Qe8 9.Nbd2 h6
10.Re1 g5 11.e4 fxe4 12.Nxe4 Qg6 13.Nxf6+ Bxf6 14.Nd2 Na6 15.Ne4 Bg7 16.Qd2 Rf7
17.d5 c5 18.Re3 Bd7 19.Rae1 Raf8 20.a3 b6 21.b4 Nc7 22.Qe2 Ne8 23.h3  1/2-1/2

[Event "Oberlin op"]
[Site "Oberlin"]
[Date "1999.04.17"]
[Round "4"]
[White "Serper, Grigory"]
[Black "Blocker, Calvin"]
[Result "1/2-1/2"]
[WhiteElo "2541"]
[BlackElo "2390"]

1.c4 e6 2.Nc3 Bb4 3.e4 Ne7 4.d4 d5 5.a3 Bxc3+ 6.bxc3 dxe4 7.Qg4 Nf5 8.Qxe4 c5
9.Nf3 Nc6 10.Be3 Qe7 11.Bd3 f6 12.O-O g5 13.d5 Nxe3 14.Qxe3 exd5 15.Qd2 Qd6
16.cxd5 Ne7 17.Rfe1 Kf7 18.c4 Ng6 19.Qb2 Rf8 20.Nd2 f5 21.Nf3 Qf6 22.Qb5 g4  1/2-1/2

[Event "World Open"]
[Site "Philadelphia USA"]
[Date "2000.07.02"]
[Round "5"]
[White "Serper,G"]
[Black "Karklins,A"]
[Result "1-0"]
[WhiteElo "2587"]
[BlackElo "2317"]

1.d4 Nf6 2.c4 e6 3.Nc3 Bb4 4.Qc2 Nc6 5.Nf3 d6 6.Bd2 e5 7.a3 Bxc3 8.Bxc3 Qe7
9.e3 Bg4 10.d5 Bxf3 11.gxf3 Nd4 12.Qd1 Nf5 13.Qb3 c6 14.dxc6 bxc6 15.Bh3 Nh4
16.Qa4 O-O 17.Qxc6 Rab8 18.O-O-O Rb6 19.Qa4 Nxf3 20.Ba5 Rbb8 21.Qc6 Ng5 22.Bg2 Rfc8
23.Qxd6 Rxc4+ 24.Kb1 Qxd6 25.Rxd6 Nge4 26.Bxe4 Nxe4 27.Rd7 Rcc8 28.f3 Nc5
29.Rd5 Na4 30.Bb4 Nb6 31.Ra5 Rb7 32.Rc1 Rxc1+ 33.Kxc1 f6 34.Rb5 Rc7+ 35.Rc5 Rd7
36.Rc6 Kf7 37.Kc2 f5 38.b3 Nd5 39.Bc5 f4 40.exf4 exf4 41.Ra6 Ne3+ 42.Kc3 Nd1+
43.Kc4 Nb2+ 44.Kc3 Nd1+ 45.Kb4 Rb7+ 46.Kc4 Ne3+ 47.Kc3 Nd5+ 48.Kc2 Ne3+ 49.Kb2 Nc4+
50.Kc3 Nb6 51.a4 Nd5+ 52.Kd3 Nb6 53.Bd4 g5 54.b4 h5 55.Ke4 Nc8 56.b5 Rd7
57.Rc6 Ne7 58.Rf6+ Ke8 59.Bc5 Rc7 60.Kd4 Rd7+  1-0

[Event "World Open"]
[Site "Philadelphia USA"]
[Date "2000.07.29"]
[Round "2"]
[White "Rubenchik,R"]
[Black "Serper,G"]
[Result "1/2-1/2"]
[WhiteElo "2335"]
[BlackElo "2587"]

1.c4 e6 2.Nc3 d5 3.d4 Bb4 4.e3 c5 5.a3 Bxc3+ 6.bxc3 Nf6 7.cxd5 exd5 8.Bd3 O-O
9.Ne2 Nc6 10.O-O Re8 11.f3 Bd7  1/2-1/2

[Event "Gp B"]
[Site "Cap d'Agde FRA"]
[Date "2000.10.30"]
[Round "3"]
[White "Dorfman,J"]
[Black "Serper,G"]
[Result "1/2-1/2"]
[WhiteElo "2600"]
[BlackElo "2574"]

1.d4 Nf6 2.c4 e6 3.Nf3 d5 4.g3 dxc4 5.Bg2 Bb4+ 6.Bd2 Bxd2+ 7.Nbxd2 b5 8.a4 c6
9.Qc2 Bb7 10.b3 cxb3 11.Nxb3 Nbd7 12.O-O O-O 13.Rfd1 a5 14.Ne5 Rc8 15.Qb2 b4
16.Nc4 Ra8 17.e4 Qc7  1/2-1/2

[Event "5th Emory Castle"]
[Site "Atlanta USA"]
[Date "2005.06.10"]
[Round "1"]
[White "Serper,G"]
[Black "Cheng,X"]
[Result "1-0"]
[WhiteElo "2546"]
[BlackElo "2234"]

1.d4 d5 2.c4 c6 3.Nf3 Nf6 4.e3 e6 5.Nbd2 Nbd7 6.Bd3 c5 7.O-O Bd6 8.b3 O-O
9.Bb2 cxd4 10.exd4 b6 11.Qe2 Bb7 12.Ne5 Rc8 13.Rad1 Qc7 14.f4 Rfe8 15.Rc1 Qd8
16.Ndf3 h6 17.f5 dxc4 18.bxc4 exf5 19.Bxf5 Qc7 20.Qc2 Rcd8 21.Rce1 Nf8 22.Qf2 Ne6
23.Qh4 Bb4 24.Rd1 b5 25.d5 Nf8 26.Ng4 Nxg4 27.Qxg4 g6 28.cxb5 Qc5+ 29.Kh1 Rxd5
30.Rxd5 Bxd5 31.Bd3 Be6 32.Qf4 Ba3 33.Bd4 Qd6 34.Qf6  1-0

[Event "National Open"]
[Site "Las Vegas USA"]
[Date "2007.06.08"]
[Round "1"]
[White "Hanken,J"]
[Black "Serper,G"]
[Result "0-1"]
[WhiteElo "1994"]
[BlackElo "2507"]

1.c4 e6 2.g3 d5 3.Nf3 dxc4 4.Bg2 a6 5.O-O Nf6 6.Qc2 b5 7.a4 Bb7 8.axb5 axb5
9.Rxa8 Bxa8 10.b3 cxb3 11.Qxb3 b4 12.Bb2 Bd6 13.Qa4+ Nbd7 14.Be5 Bxf3 15.Bxf6 Qxf6
16.Bxf3 Ke7 17.d3 Qb2 18.d4 Qxd4 19.Rd1 Nc5 20.Qc2 b3 21.Qc1 b2 22.Qc2 Qa4
23.Qd2 Rb8 24.Qg5+ Kf8 25.e3 Qc2 26.Qg4 Nd3 27.Rf1 Ne5 28.Qh5 Nxf3+ 29.Qxf3 Kg8
30.e4 h6 31.Qh5 Qxe4 32.Qd1 Qf5  0-1

[Event "National Open"]
[Site "Las Vegas USA"]
[Date "2007.06.08"]
[Round "2"]
[White "Serper,G"]
[Black "Bruno,Ro"]
[Result "1-0"]
[WhiteElo "2507"]
[BlackElo "2219"]

1.d4 Nf6 2.c4 e6 3.Nc3 Bb4 4.Qc2 c5 5.dxc5 Nc6 6.Nf3 O-O 7.Bf4 Bxc5 8.e3 d5
9.Rd1 Qa5 10.a3 Rd8 11.Nd2 dxc4 12.Nxc4 Rxd1+ 13.Qxd1 Qd8 14.Qxd8+ Nxd8 15.Be2 Nc6
16.Bf3 Bd7 17.Ne5 Be8 18.Nxc6 Bxc6 19.Bxc6 bxc6 20.Bg3 Nd5 21.Ne4 Be7 22.Ke2 f5
23.Nd2 Bf6 24.Nc4 Nb6 25.Ne5 Na4 26.Rc1 Rb8 27.b4 Rb5 28.Nxc6 Bb2 29.Nxa7 Rd5
30.Rc2 Bxa3 31.Nc6 Kf7 32.Be5 Nb6 33.Bd4 Nd7 34.Ra2 Bc1 35.Ra1 Bd2 36.Kxd2 e5
37.Ra5 Rxa5 38.bxa5 exd4 39.Nxd4 g6 40.Kc3 Ke7 41.Kb4 Kd6 42.Kb5 Kc7 43.Ne6+ Kb8
44.f3 Ne5 45.e4 fxe4 46.fxe4 Ka7 47.Ng5 h6 48.Nf3 Nf7 49.e5 g5 50.e6 Nd6+
51.Kc6 Nf5 52.Kd7 g4 53.Ne5  1-0